Paroles - Vitaa Ma Soeur - Statistiques

Statistiques générales
  • Ce quiz a été pris 671 fois
  • Le résultat moyen est 299 sur 380
Statistiques - réponses
Hint Réponse % Correct
ma
98%
m'a
98%
la
97%
La
97%
soeur
97%
seule
96%
en
95%
qui
95%
Couplet Tu
95%
tu
95%
à
94%
confiance
94%
j'avais
94%
te
94%
coeur
93%
de
93%
ta
92%
t'a
92%
ça
90%
et
90%
le
90%
par
90%
pour
90%
t'étais
90%
Couplet T'étais
90%
mon
88%
trahie
88%
Trahie
88%
fait
87%
j'ai
87%
J'ai
87%
pas
87%
les
86%
personne
86%
que
86%
jamais
85%
mal
85%
au
84%
du
84%
84%
si
84%
vois
84%
vraiment
84%
ou
83%
83%
vie
83%
celle
82%
Celle
82%
cru
82%
j'aurais
82%
douter
81%
comme
80%
mais
80%
overdose
80%
t'as
80%
c'est
79%
nous
79%
Pourquoi
79%
séparer
79%
ton
79%
D'avoir
78%
cherché
77%
plus
77%
Refrain Trompée
77%
confié
76%
dans
76%
est
76%
été
76%
heure
76%
fini
75%
maintenant
75%
couplet Maintenant
75%
amie
74%
c'que
74%
m'as
74%
Aujourd'hui
73%
détails
73%
venue
73%
enfin
72%
menti
71%
foi
70%
oublié
70%
pu
70%
toujours
70%
deux
69%
normal
69%
ans
68%
même
68%
c'était
67%
malchance
67%
rage
67%
raisons
67%
beau
66%
passé
66%
toi
66%
déstinée
65%
fais
65%
j'allais
65%
page
65%
tourné
65%
Je
64%
lit
64%
cautionné
63%
lui
63%
moindres
63%
perdu
63%
petite
63%
peur
63%
promis
62%
devenue
61%
n'aurais
61%
avec
60%
chercher
59%
t'écouter
59%
qu'ça
57%
sais
57%
pouvais
56%
fallait
55%
j'lai
55%
pleures
55%
coucher
54%
viennes
54%
vu
54%
amitié
53%
j'tai
52%
pleurer
52%
qu'tu
52%
trouver
52%
heures
51%
Quand
51%
quelqu'un
51%
t'fais
51%
peine
50%
pourtant
50%
t'épauler
50%
vas
50%
croire
49%
croyait
49%
dis
49%
personnes
49%
soir
49%
compris
48%
parce
48%
payer
48%
T'aurais
48%
Comment
47%
dur
47%
phone
47%
passait
46%
Non
44%
y'a
44%
yeux
42%
t'ouvres
41%
qu'tes
40%
veux
40%
combien
38%
comprennes
38%
ci
34%
Aucun quiz correspondant
Distribution des résultats
% des personnes avec chaque résultat
Percentile par nombre de réponses
Votre historique - résultats
Vous n’avez pas pris ce quiz